000 01202nam a2200241 a 4500
001 2006823
003 AM-YEHGA
005 20250617165003.0
008 250130s2024 ai |||| |||||||||0|arm|d
020 _a9789939792491
040 _aAM-YeHGA
041 0 _aarm
100 1 _aԱթոյան, Արուսյակ Գրիգորի
245 1 0 _aՏեքստիլ նյութագիտություն և ապրանքագիտություն :
_bՈւսումնական ձեռնարկ /
_cԱ.Գ. Աթոյան, Ս.Ա. Կյուրեղյան ; ՀՀ կրթության, գիտության, մշակույթի և սպորտի նախարարություն ; Հայաստանի ազգային պոլիտեխնիկական համալսարան ; Գյումրու մասնաժյուղ.
260 _aԵրևան :
_bՃարտարագետ,
_c2024.
300 _aմաս
505 1 0 _gՄ. 1 (2024, 88 էջ ։ գծապատկեր, աղյուս․)
650 1 4 _aԱպրանքագիտություն
_xԿաշվի նախնական մշակման տեխնոլոգիա
650 1 4 _aՏեքստիլ նյութագիտություն
700 1 _aԿյուրեղյան, Սամվել Արփիարի
942 _2udc
_cBK
090 _c571759
999 _c532809
_d532809